000 00244nam a2200109Ia 4500
008 220204s9999 xx 000 0 und d
082 _a82-3
_bLEM
100 _aLem, Stanislaw
245 0 _aSolaris
260 _aLondon
_bArrow
_c1973
942 _cBK
999 _c24352
_d24352